|
|
|
|
| LEADER |
00000cas a2200000 a 4500 |
| 001 |
vtls001473850 |
| 003 |
SK-MaSNL |
| 005 |
20260228160805.0 |
| 008 |
040427u19uu20uuxo uu 0 0b0slo |
| 015 |
|
|
|a SNBB2005/02-00400 (zv. 43)
|
| 020 |
|
|
|a 8088907055
|
| 035 |
|
|
|a SNK000429152
|
| 040 |
|
|
|a SNK
|b slo
|c SNK
|e AACR2
|
| 041 |
|
|
|a slo
|
| 043 |
|
|
|a e-xo---
|
| 044 |
|
|
|a xo
|c SK
|
| 072 |
|
7 |
|a 551
|x Geológia. Meteorológia. Klimatológia
|2 konspekt
|
| 080 |
|
|
|a (437.6)
|2 2001
|
| 080 |
|
|
|a (066)
|2 2001
|
| 080 |
|
|
|a 551.579
|2 2001
|
| 245 |
0 |
0 |
|a Zborník prác Slovenského hydrometeorologického ústavu
|
| 260 |
|
|
|a Bratislava
|b Slovenský hydrometeorologický ústav
|
| 300 |
|
|
|a zv.
|b grafy, mp., tab.
|c 30 cm
|
| 310 |
|
|
|a Periodicita nie je známa
|
| 500 |
|
|
|a Res. angl.
|
| 500 |
|
|
|a Čiast. text angl.
|
| 500 |
|
|
|a Popis podľa: Zv. 43 (2002)
|
| 504 |
|
|
|a Bibliogr. odkazy
|
| 650 |
0 |
7 |
|a hydrometeorológia
|2 SNKPH
|9 855
|
| 655 |
|
7 |
|a zborníky
|2 SNKPH
|9 70165
|
| 850 |
|
|
|a Slovenská národná knižnica v Martine
|
| 919 |
|
|
|a 80-88-907-05-5
|
| 999 |
|
|
|c 3609
|d 5539
|
| 952 |
|
|
|0 0
|1 0
|4 0
|7 0
|a SNK
|b SNK
|d 2004-04-27
|i snkPV 487/2004
|l 0
|o snkČSB 2343/43/2002
|p 17A0343340
|r 2005-01-02 00:00:00
|t P60, <06>, [ISSUE], {606}, -B-
|w 2026-02-21
|y PREZ
|
| 952 |
|
|
|0 0
|1 0
|4 0
|7 0
|a SNK
|b SNK
|d 2004-04-27
|i snkPV 488/2004
|l 0
|o snkČSB 2343/43/2002 D1
|p 17A0343341
|r 2005-01-02 00:00:00
|t P60, <06>, [ISSUE], {606}
|w 2026-02-21
|y PREZ
|